73_表記が2文字かつ読みが3文字の市区町村 - Statistics

General Stats
  • This quiz has been taken 41 times
  • The average score is 403 of 516
Answer Stats
表記
文字
読み
文字
都道府
県名
種類 市区町村名 % Correct
2 3 兵庫県 明石市
100%
2 3 兵庫県 芦屋市
100%
2 3 福岡県 芦屋町
100%
2 3 東京都 特別区 足立区
100%
2 3 神奈川県 厚木市
100%
2 3 和歌山県 有田市
100%
2 3 佐賀県 有田町
100%
2 3 静岡県 伊東市
100%
2 3 東京都 稲城市
100%
2 3 岩手県 岩手町
100%
2 3 茨城県 牛久市
100%
2 3 東京都 特別区 大田区
100%
2 3 群馬県 太田市
100%
2 3 島根県 大田市
100%
2 3 福井県 大野市
100%
2 3 岐阜県 大野町
100%
2 3 秋田県 秋田市
96%
2 3 兵庫県 赤穂市
96%
2 3 兵庫県 朝来市
96%
2 3 三重県 | 富山県 | 山形県 朝日町
96%
2 3 長野県 朝日村
96%
2 3 静岡県 熱海市
96%
2 3 神奈川県 綾瀬市
96%
2 3 京都府 綾部市
96%
2 3 大阪府 池田市
96%
2 3 北海道 | 岐阜県 | 福井県 | 長野県 池田町
96%
2 3 奈良県 生駒市
96%
2 3 大阪府 和泉市
96%
2 3 鹿児島県 出水市
96%
2 3 島根県 出雲市
96%
2 3 兵庫県 伊丹市
96%
2 3 静岡県 磐田市
96%
2 3 和歌山県 岩出市
96%
2 3 鳥取県 岩美町
96%
2 3 長野県 上田市
96%
2 3 群馬県 上野村
96%
2 3 北海道 恵庭市
96%
2 3 東京都 青梅市
96%
2 3 神奈川県 大井町
96%
2 3 滋賀県 大津市
96%
2 3 北海道 小樽市
96%
2 3 茨城県 鹿嶋市
96%
2 3 佐賀県 鹿島市
96%
2 3 熊本県 嘉島町
96%
2 3 鹿児島県 鹿屋市
96%
2 3 佐賀県 唐津市
96%
2 3 北海道 釧路市
96%
2 3 北海道 釧路町
96%
2 3 福井県 坂井市
96%
2 3 千葉県 佐倉市
96%
2 3 埼玉県 狭山市
96%
2 3 富山県 富山市
96%
2 3 東京都 特別区 中野区
96%
2 3 長野県 中野市
96%
2 3 長野県 長野市
96%
2 3 島根県 浜田市
96%
2 3 島根県 松江市
96%
2 3 静岡県 三島市
96%
2 3 福島県 三島町
96%
2 3 鹿児島県 三島村
96%
2 3 石川県 輪島市
96%
2 3 鹿児島県 奄美市
92%
2 3 兵庫県 淡路市
92%
2 3 長野県 飯田市
92%
2 3 愛媛県 伊方町
92%
2 3 茨城県 潮来市
92%
2 3 兵庫県 稲美町
92%
2 3 和歌山県 印南町
92%
2 3 埼玉県 入間市
92%
2 3 愛知県 大府市
92%
2 3 青森県 大間町
92%
2 3 栃木県 小山市
92%
2 3 静岡県 小山町
92%
2 3 茨城県 笠間市
92%
2 3 滋賀県 草津市
92%
2 3 群馬県 草津町
92%
2 3 三重県 熊野市
92%
2 3 広島県 熊野町
92%
2 3 北海道 士別市
92%
2 3 北海道 標津町
92%
2 3 長野県 千曲市
92%
2 3 愛知県 津島市
92%
2 3 長崎県 対馬市
92%
2 3 山口県 長門市
92%
2 3 北海道 根室市
92%
2 3 埼玉県 日高市
92%
2 3 北海道 | 和歌山県 日高町
92%
2 3 高知県 日高村
92%
2 3 茨城県 日立市
92%
2 3 福井県 福井市
92%
2 3 北海道 北斗市
92%
2 3 山梨県 北杜市
92%
2 3 千葉県 松戸市
92%
2 3 神奈川県 大和市
92%
2 3 鹿児島県 大和村
92%
2 3 熊本県 山都町
92%
2 3 福井県 若狭町
92%
2 3 鳥取県 若桜町
92%
2 3 鹿児島県 姶良市
88%
2 3 埼玉県 上尾市
88%
2 3 埼玉県 朝霞市
88%
2 3 徳島県 阿南市
88%
2 3 長野県 阿南町
88%
2 3 熊本県 荒尾市
88%
2 3 山形県 飯豊町
88%
2 3 富山県 魚津市
88%
2 3 鹿児島県 宇検村
88%
2 3 大分県 臼杵市
88%
2 3 北海道 江別市
88%
2 3 奈良県 王寺町
88%
2 3 山形県 大江町
88%
2 3 福岡県 大木町
88%
2 3 愛媛県 大洲市
88%
2 3 福井県 小浜市
88%
2 3 福岡県 粕屋町
88%
2 3 愛知県 刈谷市
88%
2 3 北海道 北見市
88%
2 3 東京都 清瀬市
88%
2 3 富山県 黒部市
88%
2 3 三重県 桑名市
88%
2 3 高知県 高知市
88%
2 3 島根県 江津市
88%
2 3 山梨県 甲府市
88%
2 3 鳥取県 江府町
88%
2 3 兵庫県 神戸市
88%
2 3 三重県 鈴鹿市
88%
2 3 兵庫県 | 大阪府 太子町
88%
2 3 大分県 竹田市
88%
2 3 岡山県 玉野市
88%
2 3 埼玉県 秩父市
88%
2 3 東京都 特別区 豊島区
88%
2 3 東京都 利島村
88%
2 3 鹿児島県 十島村
88%
2 3 栃木県 栃木市
88%
2 3 富山県 砺波市
88%
2 3 愛知県 豊田市
88%
2 3 茨城県 取手市
88%
2 3 宮城県 名取市
88%
2 3 石川県 七尾市
88%
2 3 千葉県 成田市
88%
2 3 富山県 南砺市
88%
2 3 山梨県 | 青森県 | 鳥取県 南部町
88%
2 3 石川県 羽咋市
88%
2 3 神奈川県 葉山町
88%
2 3 北海道 美唄市
88%
2 3 福岡県 福津市
88%
2 3 東京都 福生市
88%
2 3 岩手県 宮古市
88%
2 3 広島県 三次市
88%
2 3 徳島県 三好市
88%
2 3 埼玉県 三芳町
88%
2 3 栃木県 真岡市
88%
2 3 北海道 留萌市
88%
2 3 奈良県 安堵町
84%
2 3 徳島県 板野町
84%
2 3 富山県 射水市
84%
2 3 北海道 江差町
84%
2 3 北海道 枝幸町
84%
2 3 熊本県 大津町
84%
2 3 埼玉県 小川町
84%
2 3 長野県 小川村
84%
2 3 兵庫県 加西市
84%
2 3 兵庫県 加東市
84%
2 3 栃木県 鹿沼市
84%
2 3 新潟県 刈羽村
84%
2 3 千葉県 君津市
84%
2 3 宮崎県 串間市
84%
2 3 岩手県 九戸村
84%
2 3 長崎県 五島市
84%
2 3 青森県 五戸町
84%
2 3 愛知県 小牧市
84%
2 3 山形県 酒田市
84%
2 3 埼玉県 坂戸市
84%
2 3 埼玉県 幸手市
84%
2 3 福井県 鯖江市
84%
2 3 北海道 | 静岡県 清水町
84%
2 3 静岡県 下田市
84%
2 3 千葉県 白井市
84%
2 3 北海道 大樹町
84%
2 3 三重県 大紀町
84%
2 3 岡山県 津山市
84%
2 3 福井県 敦賀市
84%
2 3 奈良県 天理市
84%
2 3 宮城県 富谷市
84%
2 3 神奈川県 中井町
84%
2 3 大分県 中津市
84%
2 3 三重県 名張市
84%
2 3 徳島県 鳴門市
84%
2 3 岩手県 二戸市
84%
2 3 静岡県 沼津市
84%
2 3 東京都 特別区 練馬区
84%
2 3 滋賀県 彦根市
84%
2 3 岡山県 備前市
84%
2 3 千葉県 富津市
84%
2 3 北海道 増毛町
84%
2 3 神奈川県 松田町
84%
2 3 埼玉県 三郷市
84%
2 3 宮崎県 | 島根県 | 秋田県 美郷町
84%
2 3 埼玉県 | 宮城県 | 熊本県 美里町
84%
2 3 岐阜県 瑞穂市
84%
2 3 東京都 瑞穂町
84%
2 3 東京都 三鷹市
84%
2 3 静岡県 焼津市
84%
2 3 島根県 安来市
84%
2 3 秋田県 湯沢市
84%
2 3 新潟県 湯沢町
84%
2 3 秋田県 横手市
84%
2 3 奈良県 吉野町
84%
2 3 鳥取県 米子市
84%
2 3 埼玉県 和光市
84%
2 3 沖縄県 粟国村
80%
2 3 徳島県 石井町
80%
2 3 岡山県 井原市
80%
2 3 三重県 尾鷲市
80%
2 3 大阪府 交野市
80%
2 3 秋田県 鹿角市
80%
2 3 大阪府 門真市
80%
2 3 大阪府 河南町
80%
2 3 愛知県 蟹江町
80%
2 3 茨城県 神栖市
80%
2 3 静岡県 河津町
80%
2 3 福岡県 苅田町
80%
2 3 熊本県 菊池市
80%
2 3 大分県 杵築市
80%
2 3 岐阜県 岐南町
80%
2 3 三重県 紀北町
80%
2 3 愛媛県 鬼北町
80%
2 3 福島県 桑折町
80%
2 3 静岡県 湖西市
80%
2 3 滋賀県 湖南市
80%
2 3 東京都 狛江市
80%
2 3 大分県 佐伯市
80%
2 3 大阪府 吹田市
80%
2 3 高知県 宿毛市
80%
2 3 長野県 須坂市
80%
2 3 静岡県 裾野市
80%
2 3 大阪府 摂津市
80%
2 3 福島県 相馬市
80%
2 3 福岡県 田川市
80%
2 3 佐賀県 武雄市
80%
2 3 和歌山県 田辺市
80%
2 3 熊本県 玉名市
80%
2 3 兵庫県 丹波市
80%
2 3 北海道 千歳市
80%
2 3 福岡県 中間市
80%
2 3 北海道 七飯町
80%
2 3 岡山県 新見市
80%
2 3 群馬県 沼田市
80%
2 3 北海道 沼田町
80%
2 3 長野県 白馬村
80%
2 3 東京都 羽村市
80%
2 3 愛知県 半田市
80%
2 3 兵庫県 姫路市
80%
2 3 福岡県 豊前市
80%
2 3 愛媛県 松前町
80%
2 3 栃木県 益子町
80%
2 3 島根県 益田市
80%
2 3 神奈川県 三浦市
80%
2 3 山形県 三川町
80%
2 3 鳥取県 三朝町
80%
2 3 広島県 三原市
80%
2 3 高知県 三原村
80%
2 3 高知県 室戸市
80%
2 3 山形県 最上町
80%
2 3 熊本県 山鹿市
80%
2 3 京都府 八幡市
80%
2 3 北海道 利尻町
80%
2 3 北海道 礼文町
80%
2 3 長野県 青木村
76%
2 3 北海道 厚真町
76%
2 3 鹿児島県 天城町
76%
2 3 群馬県 邑楽町
76%
2 3 長野県 岡谷市
76%
2 3 山形県 | 熊本県 小国町
76%
2 3 山梨県 忍野村
76%
2 3 長野県 小谷村
76%
2 3 北海道 小平町
76%
2 3 福岡県 春日市
76%
2 3 千葉県 香取市
76%
2 3 愛知県 清須市
76%
2 3 滋賀県 甲賀市
76%
2 3 滋賀県 甲良町
76%
2 3 山梨県 小菅村
76%
2 3 石川県 小松市
76%
2 3 長野県 小諸市
76%
2 3 兵庫県 三田市
76%
2 3 千葉県 山武市
76%
2 3 東京都 特別区 渋谷区
76%
2 3 静岡県 島田市
76%
2 3 東京都 特別区 墨田区
76%
2 3 千葉県 匝瑳市
76%
2 3 愛知県 田原市
76%
2 3 福岡県 筑後市
76%
2 3 長野県 東御市
76%
2 3 岩手県 遠野市
76%
2 3 山形県 長井市
76%
2 3 埼玉県 新座市
76%
2 3 岐阜県 羽島市
76%
2 3 埼玉県 蓮田市
76%
2 3 長崎県 平戸市
76%
2 3 岩手県 普代村
76%
2 3 大分県 別府市
76%
2 3 岡山県 真庭市
76%
2 3 香川県 三豊市
76%
2 3 大阪府 箕面市
76%
2 3 和歌山県 | 愛知県 | 福井県 美浜町
76%
2 3 三重県 御浜町
76%
2 3 奈良県 三宅町
76%
2 3 東京都 三宅村
76%
2 3 京都府 宮津市
76%
2 3 栃木県 茂木町
76%
2 3 北海道 八雲町
76%
2 3 茨城県 結城市
76%
2 3 北海道 羅臼町
76%
2 3 福岡県 糸田町
72%
2 3 長野県 売木村
72%
2 3 北海道 雄武町
72%
2 3 埼玉県 越生町
72%
2 3 沖縄県 恩納村
72%
2 3 岐阜県 海津市
72%
2 3 宮城県 角田市
72%
2 3 京都府 笠置町
72%
2 3 奈良県 香芝市
72%
2 3 群馬県 甘楽町
72%
2 3 新潟県 五泉市
72%
2 3 兵庫県 宍粟市
72%
2 3 北海道 斜里町
72%
2 3 千葉県 白子町
72%
2 3 兵庫県 洲本市
72%
2 3 和歌山県 太地町
72%
2 3 福島県 田村市
72%
2 3 愛知県 豊根村
72%
2 3 大阪府 豊能町
72%
2 3 千葉県 長柄町
72%
2 3 北海道 名寄市
72%
2 3 愛知県 西尾市
72%
2 3 秋田県 能代市
72%
2 3 神奈川県 箱根町
72%
2 3 神奈川県 秦野市
72%
2 3 北海道 美瑛町
72%
2 3 鹿児島県 日置市
72%
2 3 北海道 比布町
72%
2 3 北海道 美深町
72%
2 3 福島県 平田村
72%
2 3 岩手県 洋野町
72%
2 3 福島県 広野町
72%
2 3 愛知県 扶桑町
72%
2 3 熊本県 益城町
72%
2 3 東京都 町田市
72%
2 3 愛媛県 松野町
72%
2 3 岡山県 美咲町
72%
2 3 青森県 三沢市
72%
2 3 山梨県 身延町
72%
2 3 京都府 向日市
72%
2 3 沖縄県 本部町
72%
2 3 千葉県 茂原市
72%
2 3 茨城県 守谷市
72%
2 3 埼玉県 八潮市
72%
2 3 愛知県 弥富市
72%
2 3 山口県 柳井市
72%
2 3 岩手県 山田町
72%
2 3 静岡県 吉田町
72%
2 3 宮城県 亘理町
72%
2 3 北海道 安平町
68%
2 3 秋田県 井川町
68%
2 3 熊本県 五木村
68%
2 3 愛媛県 内子町
68%
2 3 高知県 馬路村
68%
2 3 広島県 海田町
68%
2 3 奈良県 河合町
68%
2 3 茨城県 河内町
68%
2 3 群馬県 川場村
68%
2 3 鹿児島県 喜界町
68%
2 3 岐阜県 神戸町
68%
2 3 和歌山県 高野町
68%
2 3 和歌山県 御坊市
68%
2 3 長野県 坂城町
68%
2 3 北海道 様似町
68%
2 3 兵庫県 佐用町
68%
2 3 京都府 精華町
68%
2 3 愛媛県 西予市
68%
2 3 埼玉県 草加市
68%
2 3 長野県 辰野町
68%
2 3 三重県 玉城町
68%
2 3 山梨県 道志村
68%
2 3 北海道 美幌町
68%
2 3 北海道 広尾町
68%
2 3 埼玉県 深谷市
68%
2 3 福岡県 福智町
68%
2 3 山口県 防府市
68%
2 3 北海道 三笠市
68%
2 3 奈良県 御杖村
68%
2 3 新潟県 見附市
68%
2 3 岐阜県 本巣市
68%
2 3 栃木県 矢板市
68%
2 3 埼玉県 寄居町
68%
2 3 鹿児島県 与論町
68%
2 3 宮城県 涌谷町
68%
2 3 京都府 和束町
68%
2 3 鹿児島県 伊仙町
64%
2 3 北海道 置戸町
64%
2 3 福岡県 香春町
64%
2 3 群馬県 神流町
64%
2 3 三重県 紀宝町
64%
2 3 熊本県 合志市
64%
2 3 愛知県 幸田町
64%
2 3 長野県 小海町
64%
2 3 愛知県 設楽町
64%
2 3 宮城県 柴田町
64%
2 3 北海道 士幌町
64%
2 3 福島県 新地町
64%
2 3 高知県 須崎市
64%
2 3 北海道 寿都町
64%
2 3 茨城県 大子町
64%
2 3 大阪府 田尻町
64%
2 3 福島県 只見町
64%
2 3 青森県 田子町
64%
2 3 新潟県 津南町
64%
2 3 北海道 天塩町
64%
2 3 長崎県 時津町
64%
2 3 熊本県 長洲町
64%
2 3 長崎県 長与町
64%
2 3 奈良県 平群町
64%
2 3 鳥取県 伯耆町
64%
2 3 埼玉県 皆野町
64%
2 3 長野県 箕輪町
64%
2 3 長野県 宮田村
64%
2 3 三重県 | 群馬県 明和町
64%
2 3 東京都 特別区 目黒区
64%
2 3 新潟県 弥彦村
64%
2 3 和歌山県 湯浅町
64%
2 3 埼玉県 横瀬町
64%
2 3 福岡県 遠賀町
60%
2 3 山形県 河北町
60%
2 3 福島県 国見町
60%
2 3 三重県 菰野町
60%
2 3 宮崎県 西都市
60%
2 3 宮城県 蔵王町
60%
2 3 岩手県 住田町
60%
2 3 宮城県 大和町
60%
2 3 新潟県 田上町
60%
2 3 岐阜県 垂井町
60%
2 3 石川県 津幡町
60%
2 3 北海道 津別町
60%
2 3 北海道 当麻町
60%
2 3 福島県 楢葉町
60%
2 3 北海道 羽幌町
60%
2 3 兵庫県 播磨町
60%
2 3 福島県 双葉町
60%
2 3 茨城県 鉾田市
60%
2 3 徳島県 美波町
60%
2 3 北海道 芽室町
60%
2 3 岩手県 矢巾町
60%
2 3 埼玉県 吉見町
60%
2 3 北海道 留別村
60%
2 3 北海道 乙部町
56%
2 3 福岡県 上毛町
56%
2 3 秋田県 小坂町
56%
2 3 宮崎県 椎葉村
56%
2 3 栃木県 塩谷町
56%
2 3 長野県 信濃町
56%
2 3 北海道 紗那村
56%
2 3 長野県 喬木村
56%
2 3 北海道 鶴居村
56%
2 3 青森県 鶴田町
56%
2 3 長野県 長和町
56%
2 3 福島県 浪江町
56%
2 3 熊本県 氷川町
56%
2 3 山口県 平生町
56%
2 3 秋田県 三種町
56%
2 3 北海道 余市町
56%
2 3 岐阜県 川辺町
52%
2 3 熊本県 甲佐町
52%
2 3 福岡県 小竹町
52%
2 3 北海道 鹿部町
52%
2 3 埼玉県 杉戸町
52%
2 3 岐阜県 富加町
52%
2 3 岐阜県 御嵩町
52%
2 3 宮城県 村田町
52%
2 3 高知県 安田町
52%
2 3 福島県 矢吹町
52%
2 3 福島県 湯川村
52%
2 3 佐賀県 基山町
48%
2 3 山形県 戸沢村
48%
2 3 長野県 平谷村
48%
2 3 福島県 三春町
48%
2 3 熊本県 山江村
48%
2 3 島根県 吉賀町
48%
2 3 福岡県 鞍手町
44%
2 3 高知県 佐川町
44%
2 3 宮城県 色麻町
44%
2 3 北海道 鷹栖町
44%
2 3 熊本県 和水町
44%
2 3 宮崎県 三股町
44%
2 3 熊本県 御船町
40%
2 3 福岡県 添田町
36%
2 3 岡山県 矢掛町
36%
2 3 熊本県 相良村
32%
No matching quizzes found
Score Distribution
Percent of People with Each Score
Percentile by Number Answered
Your Score History
You have not taken this quiz